| 000 | 00427nam a22001577a 4500 | ||
|---|---|---|---|
| 008 | 130719b xxu||||| |||| 00| 0 eng d | ||
| 020 | _a978-972-31-1370-9 | ||
| 080 | _a159.9 | ||
| 100 | _aGleitman.Henry e Fridlund.Alan J | ||
| 245 |
_aPsicologia _cHenry Gleitman |
||
| 250 | _a9 edicao | ||
| 260 |
_aLisboa _bFundacao Calouste Gulbenkian _c2011 |
||
| 300 |
_a1421 _b _c _e _f _g |
||
| 650 | _aPsicologia | ||
| 942 |
_2udc _cBK |
||
| 999 |
_c25456 _d25456 |
||